[Event "COL-ch visually impaired (Women) 2nd"]
[Site "Cali"]
[Date "2008.10.26"]
[Round "4.4"]
[White "Garcia, Lucia Johanna"]
[Black "Cardona, Alma Francisca"]
[Result "0-1"]
[WhiteElo "1600"]
[BlackElo "1600"]
[PlyCount "43"]
[EventDate "2008.10.25"]
[EventType "swiss"]
[EventRounds "7"]
[EventCountry "COL"]
[SourceTitle "EXT 2024"]
[Source "ChessBase"]
[SourceDate "2023.10.10"]
[SourceVersion "1"]
[SourceVersionDate "2023.10.10"]
[SourceQuality "1"]

1. d4 d5 2. Nf3 Nf6 3. Bg5 e6 4. e4 Be7 5. exd5 exd5 6. Bb5+ c6 7. Ba4 Qa5+ 8. Nfd2 Qxa4 9. 0-0 0-0 10. Qe2 Re8 11. Rd1 Qxc2 12. Rc1 Qf5 13. Ne4 Nbd7 14. Nc5 h6 15. Be3 Bd6 16. b4 Nxc5 17. dxc5 Bc7 18. Re1 Qg6 19. g3 Qh5 20. h4 Bf5 21. Bf4 Rxe2 22. Rxe2 0-1

[Event "Manizales op 20th"]
[Site "Manizales"]
[Date "2008.01.11"]
[Round "3"]
[White "Valenzuela Gomez, Fernando Alberto"]
[Black "Cardona, Alma Francisca"]
[Result "1-0"]
[WhiteElo "1615"]
[BlackElo "1600"]
[PlyCount "32"]
[EventDate "2008.01.10"]
[EventType "swiss"]
[EventRounds "7"]
[EventCountry "COL"]
[SourceTitle "EXT 2010"]
[Source "ChessBase"]
[SourceDate "2010.11.25"]
[SourceVersion "1"]
[SourceVersionDate "2010.11.25"]
[SourceQuality "1"]

1. e4 e5 2. Nf3 Nc6 3. d4 d6 4. dxe5 Nxe5 5. Nxe5 dxe5 6. Qxd8+ Kxd8 7. Bc4 Be6 8. Bxe6 fxe6 9. 0-0 Bd6 10. Be3 Kd7 11. Nd2 Ne7 12. Rfd1 b5 13. Nb3 Ke8 14. Rac1 a6 15. c4 Rb8 16. c5 Bxc5 1-0